| 000 | 00935 a2200229 4500 | ||
|---|---|---|---|
| 999 |
_c6580 _d6580 |
||
| 020 | _a052143372X (hardback) | ||
| 020 | _a0521439809 (pbk.) | ||
| 050 | 0 | 0 | _aQR41.2SCH1992 |
| 100 | 1 | _d1924- | |
| 245 | 1 | 0 |
_aGeneral microbiology / _cHans G. Schlegel ; assisted by C. Zaborosch ; translated by M. Kogut. |
| 250 | _a7th ed. | ||
| 264 |
_aNew York: _bCambridge university press, _c1992 |
||
| 300 |
_axvii, 655 p. : _bill. : |
||
| 500 | _aTranslation of: Allgemeine Mikrobiologie. | ||
| 504 | _aIncludes bibliographical references (p. 598-606) and index. | ||
| 650 | 0 | _aMicrobiology. | |
| 700 | 1 | _aZaborosch, C. | |
| 856 | 4 | 2 |
_3Publisher description _uhttp://www.loc.gov/catdir/description/cam025/92039911.html |
| 856 | 4 | 1 |
_3Table of contents _uhttp://www.loc.gov/catdir/toc/cam029/92039911.html |
| 942 |
_2lcc _cBK _h41.2 _iSCH _kQR |
||